Unidos hacia el Señor : (Record no. 124082)

MARC details
000 -LEADER
campo de control de longitud fija 00818nam a2200229 4500
001 - NÚMERO DE CONTROL
campo de control 124082
003 - IDENTIFICADOR DE NÚMERO DE CONTROL
campo de control ES-MaACL
005 - FECHA Y HORA DE LA ÚLTIMA TRANSACCIÓN
campo de control 20250828090941.0
007 - CAMPO FIJO DE DESCRIPCIÓN FÍSICA--INFORMACIÓN GENERAL
campo de control de longitud fija t|
008 - DATOS DE LONGITUD FIJA--INFORMACIÓN GENERAL
campo de control de longitud fija 070214s1958 sp r ||||1| spa d
100 1# - ENTRADA PRINCIPAL--NOMBRE DE PERSONA
Nombre de persona Ranwez, Pierre.
9 (RLIN) 95438
245 10 - MENCIÓN DEL TÍTULO
Título Unidos hacia el Señor :
Resto del título la formación religiosa en la familia /
Mención de responsabilidad, etc. P. Ranwez, S.J.J., M.L. Defossa y J. Gerard-Libois ; [traducción por Isidoro Martín].
260 ## - PUBLICACIÓN, DISTRIBUCIÓN, ETC.
Lugar de publicación, distribución, etc. Madrid :
Nombre del editor, distribuidor, etc. Sociedad de Educación Atenas,
Fecha de publicación, distribución, etc. 1958.
300 ## - DESCRIPCIÓN FÍSICA
Extensión 190 p. ;
Dimensiones 22 cm.
490 1# - MENCIÓN DE SERIE
Mención de serie Frente a frente ;
Designación de volumen o secuencia 3
650 #7 - PUNTO DE ACCESO ADICIONAL DE MATERIA--TÉRMINO DE MATERIA
Término de materia o nombre geográfico como elemento de entrada Educación religiosa
Fuente del encabezamiento o término embne
9 (RLIN) 12119
700 1# - ENTRADA AGREGADA--NOMBRE PERSONAL
Nombre de persona Martín Martínez, Isidoro.
9 (RLIN) 77559
710 2# - ENTRADA AGREGADA--NOMBRE DE ENTIDAD CORPORATIVA
Nombre de entidad corporativa o nombre de jurisdicción como elemento de entrada Sociedad de Educación Atenas
9 (RLIN) 6665
830 1# - PUNTO DE ACCESO ADICIONAL DE SERIE-TÍTULO UNIFORME
Título uniforme Frente a frente ;
Designación de volumen o secuencia 3
9 (RLIN) 182947
852 ## - LOCALIZACIÓN
Ubicación ES-MaACL
Número de control de estantería C-16260
Holdings
Estatus retirado Estado de pérdida Estado de daño No para préstamo Biblioteca de origen Biblioteca actual Ubicación en estantería Fecha de adquisición Fuente de adquisición Total de préstamos Signatura topográfica completa Código de barras Visto por última vez Precio de reemplazo Tipo de ítem Koha
        Biblioteca del Ateneo de Madrid Biblioteca del Ateneo de Madrid Galería 17/01/2008     C-16260 1129270 23/02/2023 23/02/2023 Libro impreso